Road To Wealth/ (Record no. 213851)

MARC details
000 -LEADER
fixed length control field 00570nam a22001937a 4500
005 - DATE AND TIME OF LATEST TRANSACTION
control field 20251205104656.0
010 ## - LCCN (DPL NO)
LC control number ENG-147210
020 ## - INTERNATIONAL STANDARD BOOK NUMBER
Terms of availability 400.00
International Standard Book Number 9788195328116
035 ## - SYSTEM CONTROL NUMBER
System control number EN-130742
037 ## - SOURCE OF ACQUISITION
Source of stock number/acquisition DBAD
082 ## - DEWEY DECIMAL CLASSIFICATION NUMBER
Classification number 332.042
Edition number 1
100 ## - MAIN ENTRY--PERSONAL NAME
Personal name R Poornalingam
245 ## - TITLE STATEMENT
Title Road To Wealth/
Statement of responsibility, etc R Poornalingam
250 ## - EDITION STATEMENT
Edition statement 1
260 ## - PUBLICATION, DISTRIBUTION, ETC. (IMPRINT)
Place of publication, distribution, etc Chennai
Name of publisher, distributor, etc Productivity & Quality Publishing Private Limited
Date of publication, distribution, etc 2023
270 ## - ADDRESS
Address 38, Thanikachalam Road, T. Nagar
City Chennai
Postal code 600017
300 ## - PHYSICAL DESCRIPTION
Extent 246p.
Dimensions 22cm(pb)
942 ## - ADDED ENTRY ELEMENTS (KOHA)
Source of classification or shelving scheme Dewey Decimal Classification
Item type English Books
Call number suffix POO
Classification part 332.042
Holdings
Withdrawn status Lost status Not for loan Collection code Home library Current library Date acquired Source of acquisition Cost, normal purchase price Full call number Barcode Copy number Cost, replacement price Koha item type
      Non-fiction Mobile Library Mobile Library 05/12/2025 Delivery of Books Act Division 400.00 POO 332.042 EN-130742 1 400.00 English Books
        Mobile Library Mobile Library 19/02/2026     POO 332.042       English Books

© Delhi Public Library
Hit Counter
free hit counter